[Event "SCO Open 2018"]
[Site "Xingtai"]
[Date "2018.10.17"]
[Round "4"]
[White "Nigmatov, Ortik"]
[Black "Lin, Yi"]
[Result "1-0"]
[WhiteElo "2456"]
[BlackElo "2361"]
[Annotator "TA"]
[PlyCount "87"]
[EventDate "2018.??.??"]
[EventCountry "CHN"]
[SourceTitle "playchess.com"]
[Source "ChessBase"]
[SourceQuality "1"]

{[%evp 18,87,33,39,46,38,61,62,57,59,66,67,70,65,60,104,158,158,154,163,179,61,100,109,89,74,85,89,93,89,93,89,95,97,97,94,104,102,110,104,207,206,206,206,188,187,198,189,179,183,218,227,359,145,587,584,581,576,890,795,569,561,562,552,930,926,922,909,936,931,925,898]} 1. d4 Nf6 2. Nc3 d5 3. Bf4 c6 4. e3 Bf5 5. f3 (5. Nf3 h6 6. Ne5 Nbd7 7. g4 Bh7 8. h4 Nxe5 9. dxe5 Ne4 10. Nxe4 Bxe4 11. f3 Bh7 12. e6 {1-0 (57) Bortnyk,O (2610)-Dreev,A (2653) Riadh 2017}) 5... e6 6. g4 {D00: 1 d4 d5: Unusual lines} Bg6 7. h4 h6 8. Bd3 Bxd3 9. Qxd3 Bd6 10. Nge2 {LiveBook: 4 Games} Qc7 11. O-O-O Nbd7 12. Bxd6 Qxd6 13. e4 $146 dxe4 14. fxe4 Nxg4 15. Qf3 h5 16. e5 Ndxe5 (16... Qe7 $142) 17. dxe5 $16 Qxe5 18. Ne4 O-O 19. Nf2 (19. Rd7 $18) 19... Qf6 20. Qxf6 Nxf6 21. Ng3 Rfd8 22. Nfe4 Nxe4 23. Nxe4 Kf8 24. Nc5 b6 25. Nd7+ Ke8 26. Ne5 c5 27. Rde1 Rac8 28. Rhg1 g6 (28... f6 $16) 29. Rgf1 $18 Rc7 30. Rf6 Rd5 31. c4 $36 {[%mdl 2048] White is in control.} Rd4 32. b3 Rxh4 33. Ref1 Rh2 34. Nxf7 {And now Nd6+ would win.} Rxa2 {[#]} (34... a6 $142 35. Kb1 (35. Rxe6+ Re7 $18) 35... Re2) 35. Kb1 ({Weaker is} 35. Rxe6+ Re7 $11) (35. Nd6+ $1 $18 {and the rest is easy.} Kd7 36. Kb1 Kxd6 37. Kxa2) 35... Re2 $2 {[%mdl 8192] [#]} (35... Rd2 $16 {is more resistant.}) 36. Nd6+ $1 {White is clearly winning.} Kd7 37. Nb5 {White wants to mate with Rf7+.} Rb7 38. Rf7+ Kc6 39. Nxa7+ Rxa7 40. Rxa7 Kd6 41. Rg1 Ke5 42. Rxg6 Kf5 43. Rh6 Rh2 44. Rah7 {Precision: White = 77%, Black = 36%.} 1-0

[Event "SCO Open 2018"]
[Site "Xingtai"]
[Date "2018.10.17"]
[Round "4"]
[White "Das, Arghyadip"]
[Black "Zou, Chen"]
[Result "1-0"]
[WhiteElo "2437"]
[BlackElo "2386"]
[Annotator "TA"]
[PlyCount "135"]
[EventDate "2018.??.??"]
[EventCountry "CHN"]
[SourceTitle "playchess.com"]
[Source "ChessBase"]
[SourceQuality "1"]

{[%evp 27,135,0,0,0,28,-2,16,0,0,0,42,32,47,18,93,89,89,89,105,103,95,89,91,83,86,83,92,82,82,80,84,84,85,69,68,43,75,69,98,96,99,102,134,77,86,71,94,97,100,100,96,96,96,97,189,207,192,183,220,198,245,241,239,196,247,260,341,331,411,320,457,438,495,497,471,456,539,525,541,456,682,675,634,653,648,672,890,872,1052,1026,29969,9626,5614,4045,29979,29980,29979,7242,29983,29984,29984,29985,29991,29992,29992,29986,29993,29970,29987,29988]} 1. e4 c5 2. Nf3 d6 3. d4 cxd4 4. Nxd4 Nf6 5. Nc3 a6 6. Be2 e5 7. Nb3 Be7 8. O-O O-O 9. Be3 Be6 10. Qd2 Nbd7 11. a4 Rc8 12. a5 Qc7 13. Rfd1 Rfe8 14. Qe1 h6 {LiveBook: 12 Games. B92: Sicilian Najdorf: 6 Be2} (14... Qc6 15. Bf3 Ng4 16. Ba7 Ra8 17. h3 Nh2 18. Kxh2 Rxa7 19. Nd5 Bxd5 20. Rxd5 Qxc2 21. Qe3 Raa8 22. Rc1 Qxb2 {1-0 (32) Kovchan,A (2576)-Saric,I (2660) Biel 2016}) 15. Rd2 Nf8 $146 ({Predecessor:} 15... Qc6 16. Bf3 Nh7 17. Qd1 Ng5 18. Bxg5 hxg5 19. Bg4 Nf6 20. Bxe6 fxe6 21. Re2 g4 22. Qd3 {½-½ (58) Baranowski,T (2304)-Bergmann,M (2461) LSS email 2010}) 16. Nc1 Ng6 {The position is equal.} 17. g3 Qb8 18. Bf3 Nh7 19. Qd1 Nf6 20. N1a2 Rc4 (20... Bd8 $11) 21. b3 $16 Rcc8 22. Na4 Nd7 23. c4 Qc7 24. Nb6 Nxb6 25. Bxb6 Qb8 26. Nc3 Nf8 {[%cal Bg6f8,Bf8d7,Bd7f6][%mdl 32]} 27. Bg4 Nd7 28. Be3 Nf6 29. Be2 Rc6 30. Rc2 Bd8 31. Bf3 Rc8 32. Rd2 Bc7 33. Be2 Red8 34. Kg2 Rd7 35. Bf3 ({White should try} 35. f4) 35... Bd8 36. h4 Rc6 37. Rd3 Qc8 38. Nd5 Bxd5 39. exd5 Rcc7 {Threatening ...e4.} 40. Rd2 Qb8 (40... Re7 $16) 41. Rc1 $18 Rc8 42. b4 Kh8 43. Qa4 Rdc7 44. Rdc2 Re7 45. Qa2 Re8 (45... Rd7 {was worth a try.} 46. g4 Rdc7) 46. c5 {[%cal Bc4c5,Bc5d6][%mdl 32]} e4 47. Be2 Re5 48. Rd1 Rf5 (48... Kg8 $142 49. Bf4 Re8 50. cxd6 Qa8) 49. g4 {[%cal Bg3g4,Bg4g5][%mdl 32]} Re5 50. Bf4 Re8 51. cxd6 Rxc2 52. Qxc2 Rf8 53. Bg3 Qa7 (53... Nd7 $142 54. Qxe4 Qc8) 54. g5 Nh7 55. Qxe4 b6 56. Qd4 Kg8 57. gxh6 gxh6 58. Bd3 Qb7 59. Qg4+ Kh8 60. Qf5 {[%csl Gd3][%cal Rf5h7] [#]} f6 61. Re1 Qg7 62. axb6 Bxb6 63. Re7 {White mates.} Rf7 64. Qe6 Kg8 65. Bxh7+ Qxh7 66. Re8+ Kg7 67. Qg4+ Qg6 {[#]} 68. Rg8+ $1 {[%mdl 512] Precision: White = 79%, Black = 28%.} 1-0

[Event "SCO Open 2018"]
[Site "Xingtai"]
[Date "2018.10.17"]
[Round "4"]
[White "Chen, Qi B"]
[Black "Minghui, Xu"]
[Result "1-0"]
[WhiteElo "2425"]
[BlackElo "2335"]
[Annotator "TA"]
[PlyCount "45"]
[EventDate "2018.??.??"]
[EventCountry "CHN"]
[SourceTitle "playchess.com"]
[Source "ChessBase"]
[SourceQuality "1"]

{[%evp 23,45,22,38,43,77,74,75,57,72,60,77,72,69,18,9,3,327,333,332,335,332,319,335,329]} 1. e4 e5 2. Nf3 Nc6 3. Bb5 {[%cal Bf1b5,Bb5a4,Ba4b3,Bb3c4][%mdl 32]} a6 4. Ba4 Nf6 5. O-O Be7 6. Re1 b5 7. Bb3 d6 8. c3 O-O 9. a4 b4 10. a5 Rb8 11. Bc4 Be6 {C90: Spanische Partie (Abweichungen von der Hauptvariante)} 12. Bxa6 Ra8 {LiveBook: 4 Partien} 13. Qe2 {[#]} Ra7 $146 {Weiß steht etwas besser.} ({Vorgänger:} 13... d5 14. Bb5 Rxa5 15. Rxa5 Nxa5 16. exd5 Qxd5 17. Nxe5 c5 18. d3 Qa2 19. Nd2 bxc3 20. bxc3 {½-½ (48) Savchenko,B (2618)-Kovalev,V (2595) Subic Bay 2016}) 14. d4 exd4 15. cxd4 {[#] d5 ist eine echte Drohung.} Bg4 16. Be3 {Droht d5 und aus.} d5 17. e5 Ne4 18. Qb5 (18. Bd3 $14) 18... Qa8 $1 $11 19. Qxd5 {[#] zielt auf Ld3 ab.} Nxa5 $2 {[%mdl 8192]} (19... Bxf3 $1 $11 {und Schwarz muss sich keine Sorgen machen.} 20. gxf3 Ng5) 20. Qxa8 $18 {Weiß hat entscheidenden Vorteil.} ({Schwächer ist} 20. Rxa5 Qxd5 21. Rxd5 Rxa6 $11) 20... Rfxa8 21. Bd3 ({Nicht} 21. Rxa5 Rxa6 22. Rxa6 Rxa6 $14) 21... Bxf3 22. gxf3 Ng5 23. Nd2 1-0

[Event "SCO Open 2018"]
[Site "Xingtai"]
[Date "2018.10.17"]
[Round "4"]
[White "Zhu, Jiner"]
[Black "Qilin Bao"]
[Result "1-0"]
[WhiteElo "2360"]
[BlackElo "2434"]
[Annotator "TA"]
[PlyCount "59"]
[EventDate "2018.??.??"]
[EventCountry "CHN"]
[SourceTitle "playchess.com"]
[Source "ChessBase"]
[SourceQuality "1"]

{[%evp 20,59,41,45,35,39,34,-9,39,31,58,31,87,80,78,55,185,193,219,196,289,270,264,253,302,302,488,356,351,214,487,476,528,538,506,500,1746,1638,1974,1955,29983,29984]} 1. e4 c6 2. d4 d5 3. e5 Bf5 4. h4 h5 5. Bd3 Bxd3 6. Qxd3 e6 7. Bg5 {B12: Caro-Kann: Advance Variation} Qb6 (7... Be7 8. Nf3 Nh6 9. Nc3 Nd7 10. Ne2 c5 11. Nf4 cxd4 12. Nxh5 Qa5+ 13. Bd2 Qb6 14. Nxg7+ Kf8 {0-1 (41) Saric,I (2664)-Le,Q (2737) chess.com INT 2018}) 8. Nd2 Qa6 9. c4 Bb4 10. b3 Nd7 11. Ngf3 {LiveBook: 7 Games} Ne7 12. O-O Nf5 13. Rfe1 Nb6 $146 ({Predecessor:} 13... Rc8 14. Qc2 b6 {1-0 (26) Milliet,S (2362)-Roumegous,M (2142) Agen 2017}) 14. a3 {[%cal Ba2a3,Ba3a4,Ba4a5][%mdl 32]} Be7 15. Qc3 dxc4 ({Better is} 15... Nc8 $14) 16. bxc4 $16 Bxg5 17. hxg5 O-O-O {[#]} ({Black should try} 17... O-O $14) 18. a4 $1 $18 Nd7 19. Ne4 Rhf8 (19... c5 $142 20. dxc5 Kb8) 20. a5 Kb8 21. Reb1 Ka8 22. c5 f6 $2 {[#]} (22... g6 23. Nfd2 Qe2) 23. exf6 gxf6 24. Re1 e5 $2 (24... Ne7 25. Qc2 Nd5) 25. dxe5 fxe5 26. Rad1 Ne7 27. Nf6 Rxf6 (27... Nd5 $142 28. Nxd5 cxd5 29. Rxd5 Nb8) 28. Rxd7 Rxd7 29. gxf6 Nd5 30. Qxe5 {Precision: White = 73%, Black = 19%.} 1-0

[Event "SCO Open 2018"]
[Site "Xingtai"]
[Date "2018.10.17"]
[Round "4"]
[White "Zirun, Zhou"]
[Black "Vokhidov, Shamsiddin"]
[Result "1/2-1/2"]
[WhiteElo "2089"]
[BlackElo "2446"]
[Annotator "TA"]
[PlyCount "134"]
[EventDate "2018.??.??"]
[EventCountry "CHN"]
[SourceTitle "playchess.com"]
[Source "ChessBase"]
[SourceQuality "1"]

{[%evp 13,134,-7,8,0,15,-7,0,-13,-19,-21,-8,-20,-20,-15,-13,-47,-24,-29,-10,-6,0,-18,12,0,3,-12,-19,-14,-14,-12,-11,-32,-45,-69,0,-6,2,0,22,28,22,31,20,12,4,8,47,36,30,0,87,-31,-12,-14,18,21,18,7,0,0,0,0,0,0,0,0,0,0,0,0,0,0,7,0,6,0,0,0,8,0,0,15,104,70,132,147,193,194,208,120,82,0,0,0,0,0,0,0,89,89,89,89,89,89,89,89,168,0,0,0,0,0,0,0,0,0,0,0,0,0,0,0,0]} 1. d4 Nf6 2. c4 e6 3. Nc3 Bb4 4. Bd2 b6 5. Nf3 Bb7 6. e3 O-O 7. Be2 c5 8. O-O {E21: Nimzo-Indian: 4 Nf3} cxd4 9. Nxd4 (9. exd4 Be7 10. Ne5 d5 11. Bf3 Nc6 12. Bg5 Rc8 13. Re1 dxc4 14. Qa4 Nxe5 15. Bxb7 Nd3 16. Bxc8 Nxe1 17. Rxe1 Qxc8 18. Qxa7 Bd8 19. Qa4 Nd5 20. Nxd5 exd5 21. Bxd8 Qxd8 {½-½ (53) Naiditsch,A (2700)-Erdos,V (2614) Minsk 2017}) 9... Nc6 10. Ncb5 Be7 11. Bf3 a6 $146 ({Predecessor:} 11... Qc8 12. Rc1 Ne5 13. Bxb7 Qxb7 14. Qe2 a6 15. Nc3 Rfc8 {½-½ (39) Holly,A (1903)-Poley,V (2257) Jastrzebie Zdroj 2018}) 12. Nxc6 dxc6 13. Nd4 Qc7 14. Nc2 e5 15. e4 Rad8 16. Qe2 Bc8 17. b4 Rfe8 18. Ne3 Nd7 {[%cal Bf6d7,Bd7f8,Bf8e6][%mdl 32]} 19. Bg4 Nf8 20. Bxc8 Qxc8 21. Bc3 Ne6 22. Bxe5 Bxb4 23. Qg4 Kh8 (23... Bf8 $1 $15) 24. Rad1 $11 f6 25. Bb2 Bd6 26. Nf5 Qc7 27. Nxd6 Rxd6 28. Rxd6 Qxd6 29. Rd1 Qe7 30. e5 Nf8 31. Qe4 Qc5 (31... Qb4 $11 32. Rb1 (32. Qxc6 $2 Rd8 $19) 32... Kg8) 32. Qd4 ({White should play} 32. Qf3 $16 f5 33. Qc3 (33. Qxf5 Qxc4 34. Qb1 Ne6 $11)) 32... Qxd4 $15 33. Bxd4 {[%mdl 4096] Endgame KRB-KRN} c5 34. Bc3 fxe5 35. Rd6 Re6 36. Rxe6 Nxe6 37. Bxe5 $11 {KB-KN} b5 38. cxb5 axb5 39. f4 Kg8 40. Kf2 c4 41. Ke3 Kf7 42. Bd6 Nf8 43. Kd4 Nd7 44. f5 Kf6 45. Ke4 Nb6 46. Be5+ Kf7 47. Bd4 Nc8 (47... Na4 $1 $11) 48. a3 Ne7 (48... g6 $14) 49. g4 $16 g6 50. f6 $1 {[%cal Rf6e7]} Nc6 51. g5 (51. Bc3 $18) 51... b4 {[#]} 52. axb4 (52. a4 $1 $16) 52... Nxb4 $11 53. Bc3 Nd3 54. Kd4 Nf2 55. Kxc4 Ne4 (55... Ng4 $1 $11 {remains equal.}) 56. h4 $16 Ke6 57. Kd4 Nd6 58. Be1 Nf5+ 59. Ke4 h6 {[#]} (59... Nd6+ $16 {was called for.} 60. Kf4 Nc4) 60. gxh6 $2 (60. Kf4 $1 $18 {And now gxh6 would win.} h5 61. Ke4) 60... Nxh6 $11 {The position is equal.} 61. Bc3 Ng4 62. Kf4 Nxf6 63. Kg5 Ne4+ 64. Kxg6 {Hoping for h5.} Nxc3 65. h5 Nd5 66. h6 {Black must now prevent h7.} Nf6 67. h7 Nxh7 {Precision: White = 53%, Black = 58%.} 1/2-1/2

[Event "SCO Open 2018"]
[Site "Xingtai"]
[Date "2018.10.18"]
[Round "5"]
[White "Zhou, Jianchao"]
[Black "Zvjaginsev, Vadim"]
[Result "1/2-1/2"]
[WhiteElo "2625"]
[BlackElo "2644"]
[Annotator "TA"]
[PlyCount "68"]
[EventDate "2018.??.??"]
[EventCountry "CHN"]
[SourceTitle "playchess.com"]
[Source "ChessBase"]
[SourceQuality "1"]

{[%evp 9,68,30,24,23,33,28,33,25,32,35,38,38,39,28,34,29,33,40,40,41,43,39,41,40,34,29,26,9,52,33,26,28,45,29,27,25,30,20,31,30,36,17,49,42,58,37,22,8,8,8,8,6,8,8,12,0,0,0,23,0,0]} 1. d4 d5 2. c4 e6 3. Nc3 a6 4. cxd5 exd5 5. Nf3 Nf6 6. Bg5 {D37: Queen's Gambit Declined: 5 Bf4} Be6 7. e3 Nbd7 8. Bd3 {White is slightly better.} Bd6 (8... h6 9. Bf4 g5 10. Bg3 Nh5 11. Be5 Nhf6 12. Bg3 Nh5 13. Qb3 Nxg3 14. hxg3 {½-½ (48) Karjakin,S (2773)-Caruana,F (2822) Saint Louis 2018}) 9. h3 h6 10. Bf4 Qe7 11. Bxd6 Qxd6 12. Qc2 Rc8 13. O-O O-O 14. Rac1 c5 15. dxc5 Nxc5 16. Rfd1 Qb6 {[#]} 17. Nd4 $146 ({Predecessor:} 17. Qe2 Nce4 18. Nd4 Nxc3 19. bxc3 {½-½ (19) Potkin,V (2574)-Zvjaginsev,V (2629) Tula 2018}) 17... Nce4 18. Bxe4 dxe4 19. Nxe6 Qxe6 20. Rd4 Rc5 21. Qb3 (21. a3 {keeps more tension.} Rc6 22. Rcd1 Rfc8 23. Qb1 Rc4 24. Rd6) 21... Qxb3 22. axb3 Re8 23. b4 Rc6 24. Rcd1 Kf8 25. b5 axb5 26. Nxb5 g6 27. Nc3 Rb6 28. Rd6 Re6 29. Rxe6 fxe6 $11 {KRN-KRN} 30. Rd2 Ke7 31. Kf1 Rb4 32. Na2 Ra4 33. Nc3 Rb4 34. Na2 Ra4 {Precision: White = 54%, Black = 68%.} 1/2-1/2

[Event "SCO Open 2018"]
[Site "Xingtai"]
[Date "2018.10.18"]
[Round "5"]
[White "Oparin, Grigoriy"]
[Black "Zhou, Zirun"]
[Result "1-0"]
[WhiteElo "2624"]
[BlackElo "2089"]
[Annotator "TA"]
[PlyCount "61"]
[EventDate "2018.??.??"]
[EventCountry "CHN"]
[SourceTitle "playchess.com"]
[Source "ChessBase"]
[SourceQuality "1"]

{[%evp 13,61,20,74,66,89,81,112,115,114,105,95,74,115,111,145,133,145,152,148,129,134,134,133,115,149,146,153,141,154,152,148,151,151,150,184,170,367,358,363,352,350,335,386,425,666,614,741,729,718,706]} 1. Nf3 d5 2. g3 Nf6 3. Bg2 e6 4. d4 c6 5. O-O Nbd7 6. c4 dxc4 7. a4 Nd5 {LiveBook: 3 Games. E04: Open Catalan: 5 Nf3} (7... a5 $11 {keeps the balance.}) (7... a5 8. Qc2 b5 9. axb5 cxb5 10. Ne5 Nd5 11. Nc3 Nxe5 12. dxe5 Nb4 13. Qe4 Rb8 14. Rd1 Qc7 15. Bg5 Bd7 {1-0 (26) Perez Ponsa,F (2586)-Flores,D (2590) Villa Martelli 2016}) 8. e4 $16 Nc7 9. Qe2 $146 ({Predecessor:} 9. Nc3 Bb4 10. Bg5 f6 11. Bf4 Bxc3 12. bxc3 b5 13. Bd6 Nb6 {1-0 (28) Hlinka,V (2070)-Krajnak,J Slovakia 1997}) 9... b5 {White is better.} 10. Rd1 Bb7 11. axb5 cxb5 12. d5 {aiming for d6.} e5 13. b3 Bd6 14. bxc4 bxc4 15. Na3 Nb6 16. Nxc4 Nxc4 17. Qxc4 O-O 18. Bh3 Qe7 19. Bg5 f6 {[#]} 20. Be3 $1 a6 21. Rdc1 Bc8 22. Bxc8 Rfxc8 23. Qd3 a5 24. Rc6 Rcb8 $2 {[#]} (24... Qd7 25. Nd2 Ne8) 25. Nd2 $1 $18 Ne8 26. Nc4 Bb4 27. Nb6 Rxb6 28. Bxb6 ({Don't take} 28. Rxb6 Rc8 $18) 28... a4 (28... Qb7 $142 29. Bc5 Bxc5) 29. Qb5 a3 {[#]} 30. d6 $1 Bxd6 31. Qd5+ {Precision: White = 83%, Black = 39%.} 1-0

[Event "SCO Open 2018"]
[Site "Xingtai"]
[Date "2018.10.18"]
[Round "5"]
[White "Lalith Babu M R"]
[Black "Li, Di"]
[Result "1/2-1/2"]
[WhiteElo "2518"]
[BlackElo "2467"]
[Annotator "TA"]
[PlyCount "63"]
[EventDate "2018.??.??"]
[EventCountry "CHN"]
[SourceTitle "playchess.com"]
[Source "ChessBase"]
[SourceQuality "1"]

{[%evp 14,63,16,0,0,-11,-13,-12,-8,-3,-11,-21,49,39,40,43,52,39,37,50,45,37,31,50,50,0,0,0,0,0,14,10,26,14,23,32,35,31,33,39,33,28,31,2,2,4,22,0,0,0,0,0]} 1. c4 e6 2. d4 d5 3. Nf3 Nf6 4. g3 dxc4 5. Bg2 Bd7 6. Ne5 Bc6 7. Nxc6 Nxc6 8. Qa4 Qd7 {E04: Open Catalan: 5 Nf3} 9. O-O Nxd4 10. Qxc4 b5 (10... O-O-O 11. Nc3 e5 12. Bg5 Qe6 13. Qa4 Bc5 14. e3 Nc6 15. Rac1 Bb6 16. Bxf6 gxf6 {½-½ (69) Bindrich,F (2594)-Ponomariov,R (2710) Berlin 2015}) 11. Qd3 Rd8 12. Be3 e5 (12... a6 $11) 13. Bxd4 $14 exd4 {[#]} 14. a4 $146 {[%mdl 512]} ({Predecessor:} 14. e3 Bc5 15. Qc2 Qd6 16. exd4 Bxd4 {½-½ (24) Zuo,Y (2349)-Li,Y (2434) Moscow 2018}) 14... bxa4 15. Qa6 {And now Bc6 would win.} Nd5 16. Rxa4 c5 17. Qxa7 Qxa7 18. Rxa7 h5 19. Bxd5 Rxd5 20. Nd2 Rh6 21. Rfa1 Be7 22. Nc4 h4 23. Rb7 hxg3 24. hxg3 Rd8 25. Raa7 Re6 26. Kf1 d3 27. exd3 Rxd3 28. Ra8+ Rd8 {The position is equal.} 29. Ra1 Kf8 30. Re1 Rxe1+ 31. Kxe1 Bf6 32. Ke2 {Precision: White = 64%, Black = 56%.} 1/2-1/2

[Event "SCO Open 2018"]
[Site "Xingtai"]
[Date "2018.10.18"]
[Round "5"]
[White "Vokhidov, Shamsiddin"]
[Black "Zhu, Jiner"]
[Result "1-0"]
[WhiteElo "2446"]
[BlackElo "2360"]
[Annotator "TA"]
[PlyCount "83"]
[EventDate "2018.??.??"]
[EventCountry "CHN"]
[SourceTitle "playchess.com"]
[Source "ChessBase"]
[SourceQuality "1"]

{[%evp 24,83,21,12,24,8,18,14,14,0,6,0,0,0,0,0,0,0,0,0,0,0,0,0,0,-14,19,0,0,0,0,0,4,0,16,16,16,16,60,9,125,124,207,207,207,206,163,202,367,306,298,272,1735,1588,1458,1508,1023,1023,1018,997,976,935]} 1. e4 e5 2. Nf3 Nc6 3. Bb5 g6 4. d4 exd4 5. Bg5 Be7 6. Bxe7 Qxe7 7. Bxc6 dxc6 8. Qxd4 Nf6 9. Nc3 Bg4 {C60: Spanische Partie} 10. Nd2 c5 11. Qe3 O-O-O 12. h3 (12. f3 Be6 13. O-O-O b6 14. g4 Nd7 15. h3 Ne5 16. f4 Nc6 17. Nf3 {0-1 (34) Guseinov,G (2645)-Carlsen,M (2832) chess.com INT 2017}) 12... Be6 13. O-O-O {LiveBook: 16 Partien} Kb8 14. Rhe1 Rhe8 15. f4 b6 16. Qf2 Bc8 17. e5 Nd5 $146 18. Nxd5 Rxd5 19. Ne4 Rxd1+ 20. Rxd1 Rd8 21. Rxd8 Qxd8 22. Nf6 h5 23. Qd2 Qe7 24. b3 Bb7 25. g4 hxg4 26. hxg4 Bc6 27. Qc3 Kb7 28. Qe3 Qd8 29. f5 gxf5 30. gxf5 {[%cal Bg4f5,Bf5f6][%mdl 32]} Qe7 31. Ng4 (31. Nh7 $14) 31... a5 (31... Qh4 $11 {hält das Gleichgewicht.} 32. Qf4 Bd7) 32. e6 $1 $16 fxe6 (32... f6 $16) 33. f6 $18 Qh7 34. Qf4 $1 {[%mdl 1024] Weiss hat starke Kompensation.} Be8 {[#]} 35. Ne5 $1 Bf7 $2 (35... Qh1+ 36. Kb2 Qh8) 36. Qf3+ Kb8 37. Kb2 a4 $2 (37... Be8 38. f7 Bxf7) 38. Qc6 {Weiss will mit Sd7+ Matt setzen.Weiß steht klar auf Gewinn.} Qh2 39. Nd7+ Ka7 40. Qxa4+ Kb7 {[#]} 41. Qe4+ $1 Ka7 42. Qe5 {Precision: Weiß = 70%, Schwarz = 49%.} 1-0

[Event "SCO Open 2018"]
[Site "Xingtai"]
[Date "2018.10.18"]
[Round "5"]
[White "Dai, Changren"]
[Black "Nitin, S.."]
[Result "1-0"]
[WhiteElo "2433"]
[BlackElo "2461"]
[Annotator "TA"]
[PlyCount "79"]
[EventDate "2018.??.??"]
[EventCountry "CHN"]
[SourceTitle "playchess.com"]
[Source "ChessBase"]
[SourceQuality "1"]

{[%evp 12,79,43,22,47,51,41,41,78,69,76,64,83,36,32,22,50,39,104,83,80,82,88,70,95,70,89,53,47,-44,-50,-44,54,0,29,65,52,66,60,56,68,0,33,-52,-22,-44,-30,-31,-39,-143,-27,-27,-30,-32,-28,-41,-19,-26,79,79,64,69,152,153,423,418,1670,1632,1627,1624]} 1. d4 Nf6 2. c4 g6 3. Nc3 Bg7 4. e4 d6 5. h3 O-O 6. Be3 c6 7. g4 {LiveBook: 3 Games. E71: King's Indian: 4 e4 d6 5 h3} (7. Nf3 a6 8. a4 a5 9. Be2 Na6 10. O-O Nb4 11. Qd2 Nd7 12. Bg5 Re8 13. Rad1 Qc7 14. h4 e5 15. h5 exd4 16. Nxd4 {1-0 (34) Salem,A (2638)-Onischuk,V (2637) Riadh 2017}) 7... Na6 8. Bg2 e5 $146 ({Predecessor:} 8... Nc7 9. Nge2 e5 10. d5 c5 11. Qd2 b5 12. Nxb5 Nxb5 13. cxb5 a6 14. bxa6 Bxa6 {0-1 (49) Mishkovski,L (2025)-Stoianov,R (2145) Sofia 2004}) 9. Nge2 {White is slightly better.} exd4 10. Bxd4 Qe7 11. O-O Nc5 12. Ng3 Ne6 13. Be3 $1 Nd7 14. Qd2 a5 (14... Ne5 $14) 15. f4 $16 a4 16. Rad1 Re8 17. Nge2 ({Worse is} 17. Qxd6 Qxd6 18. Rxd6 a3 $15) 17... Bf8 18. Qc2 Nec5 19. Nd4 Nf6 {[%cal Rf6e4]} 20. e5 (20. Rfe1 $14) 20... dxe5 $15 21. fxe5 Nfd7 (21... Bxg4 $15 22. hxg4 Nxg4) 22. e6 (22. Ndb5 $1 $14) 22... Nxe6 23. Ne4 Bg7 24. Nxe6 Qxe6 25. Rd6 Qe7 26. Bg5 (26. c5 $1 $14) 26... Qf8 (26... f6 $5 {[%cal Rf6g5]} 27. Bxf6 Nxf6 28. Nxf6+ Bxf6 29. Rfxf6 Ra5 $11) 27. Rfd1 (27. Rd2 $14) 27... f5 (27... f6 $5 {[%cal Rf6g5]} 28. Bh4 f5 $15) 28. gxf5 gxf5 29. Ng3 $1 Ne5 30. c5 (30. Nh5 $15 Nf7 31. Bf6 Nxd6 32. Bxg7) 30... Nf7 ({Black should play} 30... Be6 $17 {Hoping for ...f4.} 31. Rxe6 Rxe6 32. Nxf5 Qf7) 31. Qc4 $11 {White wants to play Nh5.} Kh8 32. Rf6 $1 {[%cal Rf6f7]} Be6 $1 {[%cal Re6c4]} 33. Qc3 $1 {[#] Nh5 is the strong threat.} Qg8 34. Bh4 $1 Bd5 (34... Bxa2 $11 {keeps the balance.} 35. Nxf5 Re2) 35. Bxd5 $16 cxd5 36. Kh1 d4 ({Black should try} 36... a3 $1 $14) 37. Rxd4 Ra6 $2 {[#]} (37... a3 $16) 38. Nh5 $18 (38. Rxa6 bxa6 39. Nxf5 Be5 $16) 38... Ne5 (38... Rae6 $142 39. Nxg7 Re3 40. Nxe8 Rxc3 41. bxc3 Qxe8 42. Rxf5 h6) 39. Rxa6 bxa6 40. Bf6 {Precision: White = 54%, Black = 33%.} 1-0

[Event "SCO Open 2018"]
[Site "Xingtai"]
[Date "2018.10.18"]
[Round "5"]
[White "Chen, Qi B"]
[Black "Xu, Yi"]
[Result "1/2-1/2"]
[WhiteElo "2425"]
[BlackElo "2536"]
[Annotator "TA"]
[PlyCount "79"]
[EventDate "2018.??.??"]
[EventCountry "CHN"]
[SourceTitle "playchess.com"]
[Source "ChessBase"]
[SourceQuality "1"]

{[%evp 21,79,31,52,36,39,37,48,43,34,31,39,31,31,31,41,37,41,37,32,41,32,35,30,39,47,45,49,45,33,34,25,45,33,40,55,49,36,0,0,0,37,0,0,0,0,0,0,0,0,0,0,0,0,0,0,0,0,0,0,0]} 1. e4 e5 2. Nf3 Nc6 3. Bb5 a6 4. Ba4 {[%cal Bb5a4,Ba4c2,Bc2e4][%mdl 32]} Nf6 5. O-O Bc5 6. c3 b5 7. Bc2 d5 {C78: Spanische Partie (Archangelsk- und Möller-Variante)} 8. a4 dxe4 9. axb5 exf3 10. Qxf3 e4 11. Bxe4 Ne5 {LiveBook: 6 Partien} 12. Qe2 $1 O-O ({Vergiftet wäre} 12... Nd5 $2 13. d4 $18) 13. d4 Bg4 14. Qc2 Nxe4 15. Qxe4 Nf3+ $146 16. gxf3 Bh3 17. dxc5 Bxf1 18. Kxf1 {Droht Le3 und aus.} Qd1+ 19. Qe1 Qxf3 20. Be3 axb5 21. Rxa8 Rxa8 22. Nd2 Qh1+ 23. Ke2 Qxh2 24. Nf3 Qh3 $1 25. Qd1 Qe6 $1 26. Qd3 c6 27. Qd6 Qc4+ $1 28. Kd2 b4 29. Bd4 Qb3 30. Ke3 Qxb2 {[#] ...Dc1+ ist eine echte Drohung.} 31. cxb4 Qc1+ {Die Stellung ist ausgeglichen.} 32. Ke2 Qc4+ 33. Ke3 Qc1+ ({Bitte nicht} 33... Qxb4 34. Qxc6 Qb8 35. Be5 $16) 34. Ke2 Re8+ 35. Ne5 Qc2+ 36. Kf1 Qc1+ 37. Kg2 {[#] Und Le3 würde nun gewinnen.} Qg5+ 38. Kf1 Qc1+ 39. Kg2 {Schwarz muss nun Le3 beachten.} Qg5+ 40. Kf1 {Precision: Weiß = 87%, Schwarz = 99%.} 1/2-1/2